000 01050nam a22002777a 4500
005 20110421142454.0
008 110421t xxu||||| |||| 00| 0 eng d
010 _aENG-102276
020 _a9788184503050
_c880.00
035 _aEN-85809
037 _bDBAD / PUB
040 _adpl
_bEnglish
082 _a658.3124
100 _aNakkiran,S.
_927410
245 _aHand book on training and development /
_cby S. Nakkiran [and] R. Karunakaran
260 _aNew Delhi
_bDeep & Deep Publications
_c2011
270 _aF-159, Rajouri Garden
_bNew Delhi
_e110027
300 _axiv,288p.
_c22cm (Hb)
500 _aIncludes bibliographical references and index
650 _927411
650 _927412
700 _aKarunakaran, R.
_927415
942 _adpl
_cEN
_2ddc
_mNAK
_h658.3124
999 _c51802
_d51802